| 000 | 00471cam a2200181 4500 | ||
|---|---|---|---|
| 008 | 090401t1972 xxu||||| |||| 00| 0 eng d | ||
| 020 | _a0419106804 | ||
| 035 | _a(Sirsi) u58776 | ||
| 041 | _aeng | ||
| 245 | _aSpon`s architects` and builders` price book ... 1973. | ||
| 250 | _a98th ed. | ||
| 260 |
_aLondon _bE & F N Spon _c1972 |
||
| 300 | _axix,504p. ; 21cm. | ||
| 350 | _a0 | ||
| 700 |
_aDavis, Belfield & Everest _xEditor |
||
| 942 | _n0 | ||
| 948 | _c04/03/1997 | ||
| 999 |
_c94103 _d94103 |
||